| 000 | 00726nam a22002537a 4500 | ||
|---|---|---|---|
| 003 | 0 | ||
| 005 | 20180730121215.0 | ||
| 008 | 0 | ||
| 010 | _aA-904715 | ||
| 020 |
_c00.00 _a0074631357 |
||
| 035 | _aA-904715, A-904716 | ||
| 037 | _bCen Lib/Ret | ||
| 040 |
_aDPL _bEN _c0 |
||
| 082 |
_a005.7565 _bTOL |
||
| 100 |
_aToledo, Hugo _936408 |
||
| 245 |
_aOracle networking / _cby Hugo Toledo |
||
| 260 |
_aNew Delhi _bTata McGraw hill Publishing Company _c1996 |
||
| 270 |
_a4/12 asaf ali road _bNew Delhi _e110002 |
||
| 300 |
_axxxvii, 364p. _c23cm(Hb) |
||
| 500 | _aIncludes index | ||
| 650 |
_aComputer science _936409 |
||
| 650 |
_aProgramming language _936410 |
||
| 942 |
_2ddc _cEN _h005.7565 _mTOL |
||
| 999 |
_c132986 _d132986 |
||